Normal view MARC view
  • Hallu, Colette

Entry Nombre Personal

Number of records used in: 1

001 - NUMERO DE CONTROL

  • campo de control: 46531

003 - IDENTIFICADOR DE NUMERO DE CONTROL

  • campo de control: MX-MxUPN

005 - FECHA Y HORA DE LA ÜLTIMA TRANSACCIÓN

  • campo de control: 20220920131453.0

008 - DATOS DE LONGITUD FIJA

  • campo de control de longitud fija: 220920|| aca||aabn | a|a d

040 ## - FUENTE DE CATALOGACIÓN

  • Agencia original de catalogación: MX-MxUPN
  • Lenguaje de catalogación: spa
  • Agencia de transcripción: MX-MxUPN

100 1# - ENCABEZAMIENTO - NOMBRE PERSONAL

  • Nombre personal: Hallu, Colette

670 ## - FUENTE EN LA QUE SE LOCALIZARON DATOS

  • Cita de la fuente: L'avenir professionnel des enfants anormaux et délinquants, 1934:
  • Información localizada: portada (Colette Hallu)

902 ## - CATALOGADOR

  • Catalogador: Víctor Ruiz/200922